000 01008nam a2200301Ia 4500
001 35318
003 IT-RoPAU
008 130308s9999 xx 000 0 und d
040 _aIT-RoPAU
040 _cIT-RoPAU
041 _aITALIANO
100 _aFrayn Michael
100 _gCodice Aut. SPICS: 6111
245 _aTeatro: rumori fuori scena-Miele selvatico
245 _bTeatro: rumori fuori Scena-Miele Selvatico
250 _a1a ed.
260 _aGENOVA
260 _bCosta & Nolan
260 _c1985 [1° Ed.:1985 - Ed.Ling.Originale:1984]
300 _a"206 p. (prefazione: no ; testo: 206)"
500 _aTraduzione di Filippo Ottoni Prefazione di Masolino D'Amico testo della commedia rumori fuori scena dal titolo Originale Noises Off riscrittura di un testo Giovanile di Cechov è Wild Honey Miele selvatico scheda Bio Bibliografica
650 _aAUTORI/OPERE DI TEATRO
650 _eCodice materia Spics: 8407
942 _cBK
957 _71
999 _c75323
_d75323
999 _bSI
999 _g1